Statistiques concernant Objets masculins

Cliquez ici pour prendre le quiz!

Statistiques générales

  • Ce quiz a été pris 120 fois
  • Le résultat moyen est 11 sur 12

Statistiques - réponses

Réponse% Correct
Peigne
98%
Pipe
98%
Cravate
97%
Moustache
96%
Rasoir
96%
Mousse à raser
93%
Caleçon
89%
Antisudorifique
88%
Condom
87%
Nœud papillon
87%
Chapeau melon
65%
Turban
60%

Distribution des résultats

Percentile par nombre de réponses

% des personnes avec chaque résultat

Votre développement - résultats

Vous n’avez pas pris ce quiz